Personnages de Un p'tit truc en plus en images - Statistiques

Statistiques générales
  • Ce quiz a été pris 113 fois
  • Le résultat moyen est 10 sur 16
Statistiques - réponses
Par images Réponse % Correct
Paulo / Sylvain
86%
Arnaud
85%
Alice
83%
Ludovic
83%
Marie
82%
Sylvain (le vrai)
77%
Orpi / La Fraise / Lucien
76%
Soso
73%
Marc
67%
Baptiste
54%
Mayane
53%
Gad
51%
Céline
46%
Alexandre
41%
Boris
36%
Thibaut
35%
Aucun quiz correspondant
Distribution des résultats
% des personnes avec chaque résultat
Percentile par nombre de réponses
Votre historique - résultats
Vous n’avez pas pris ce quiz